|
|
|
|
| LEADER |
00705cam a2200205 7i4500 |
| 001 |
0000052700 |
| 005 |
20151104090000.0 |
| 005 |
##20151104171300.0 |
| 003 |
##MY-KlINT |
| 020 |
# |
# |
|a 9781118134665
|
| 039 |
# |
9 |
|y 201511041713
|z VLOAD
|
| 090 |
0 |
0 |
|a 658.827
|b NAP
|
| 100 |
1 |
# |
|a Napoletano, Erika
|
| 245 |
0 |
0 |
|a The power of un-popular :
|b a guide to building your brand for the audience who will love you(and why no one else matters) /
|c Erika Napoletano.
|
| 260 |
# |
# |
|a Hoboken, NJ:
|b John Wiley and Sons,
|c 2012.
|
| 300 |
# |
# |
|a xv, 202p:
|b ill;
|c 24cm.
|
| 650 |
# |
0 |
|a Target marketing
|
| 650 |
# |
0 |
|a Branding (Marketing)
|
| 650 |
# |
0 |
|a Target marketing --
|x Case studies
|
| 650 |
# |
0 |
|a Branding (Marketing) --
|x Case studies
|